| 000 | nam a22 a 4500 | ||
|---|---|---|---|
| 999 |
_c35836 _d35836 |
||
| 003 | BLK | ||
| 005 | 20220109161940.0 | ||
| 008 | 180408b bul|||||r ||||||| ||bul|| | ||
| 010 | _aKNG00038621000 | ||
| 040 | _aBLK | ||
| 041 |
_aBUL _cBUL |
||
| 080 |
_aБългарска литература _b821.163.2 _x-992 _z821.163.2-992 |
||
| 100 | 1 |
_aХристофоров, Любен Василев _eпърви автор _9274479 |
|
| 139 |
_aХристофоров, Любен Василев _bХ 86 |
||
| 245 | 1 | 0 |
_aСъкровищата на Дяволската планина _bПътепис _cЛюбен Василев Христофоров. |
| 250 | _a2. изд. | ||
| 257 | _aBGR | ||
| 260 |
_aСофия _bМедицина и физкултура _c1962 |
||
| 300 |
_a291 с. _bс ил. _c20 см |
||
| 380 | _aX | ||
| 500 | _a1. изд. 1958. | ||
| 852 |
_aЦб 22839 _bЦб |
||
| 856 | 4 | _qpdf | |
| 856 | 4 | _qpdf | |
| 942 |
_cKNG _n0 _s1 |
||
| 944 |
_aCR _c24.02.2014 _kГеновева_Генчева |
||
| 944 |
_aED _c23.02.2018 _kТеодора_Стоянова |
||
| 999 | _d35836 | ||